000 01839nam a22001457a 4500
999 _c528921
_d528921
008 250131b ||||| |||| 00| 0 eng d
100 _aSharma, Chandan Kumar
_950495
245 _aContemporary development discourse in northeast India and its impact on the tribal communities
260 _aSociological Bulletin
300 _a 73(4), Oct, 2024: p.467-480
520 _aNortheast India, a region characterised by great geo-political and ecological significance, is geographically divided into the plains and the hills and is home to many tribal communities that largely depend on natural resource-based livelihoods. While shifting cultivation (jhum) has been a dominant traditional system of land use among tribes both in the hills and the plains, most of them in the plains abandoned this practice on account of colonial-era encroachment. In the hills, however, shifting cultivation still plays a critical role in maintaining agricultural biodiversity and providing food security to the indigenous communities. The advent of colonial development in the region in the 19th century left a long-term impact on its natural and social landscapes. After independence, especially after the early 1960s, the hills that remained largely excluded from the process of colonial development were also brought under the development agenda of the Indian state. However, in recent times, under the neoliberal Indian state, the development discourse in the region has witnessed an unprecedentedly aggressive character seriously undermining the traditional ecology, land ownership system, livelihood and culture of the tribal communities.- Reproduced https://journals.sagepub.com/doi/full/10.1177/00380229241287396
650 _aDevelopment, Jhum, Northeast India, Tribe, Urbanisation.
_950496
773 _aSociological Bulletin
942 _cAR